000
00261nam a22001097a 4500
020
_a
0-13-638056-5
082
_a
621.3827 GOW'O
100
_a
GOWAN, JOHN
_9
57183
245
_a
OPTICAL COMMUNICATION SYSTEM
260
_a
LONDON
_b
PRENTICE HALL
_c
1983
942
_c
BK
999
_c
567476
_d
567476